Provinzen von Italien mit Karte - Statistiken

Allgemein
  • Dieses Quiz wurde 828 mal gespielt
    58 seit der letzten Aktualisierung
  • Das Durchschnittsergebnis liegt bei 46 aus 107
Antworten auf der Karte
Die Antworten werden auf der Karte rot bzw. grün angezeigt, abhängig davon wie oft sie richtig erraten wurden.
 
Antwortstatistiken
Provinzen % Korrekt
Neapel
94%
Rom
94%
Venedig
94%
Bozen - Südtirol
91%
Mailand
91%
Palermo
91%
Genua
88%
Turin
88%
Verona
88%
Florenz
82%
Parma
82%
Bergamo
79%
Bologna
79%
Pisa
79%
Bari
76%
Messina
76%
Modena
74%
Brescia
68%
Cagliari
68%
Catania
68%
Lecce
68%
Livorno
68%
Rimini
68%
Ancona
65%
Como
65%
Monza und Brianza
65%
Salerno
65%
Trient
65%
Padua
62%
Perugia
62%
Siena
62%
Aosta
59%
Lucca
59%
Reggio Calabria
59%
Syrakus
59%
Ravenna
56%
Ferrara
53%
La Spezia
53%
Reggio Emilia
53%
Tarent
53%
Vicenza
53%
Arezzo
50%
Foggia
50%
Alessandria
47%
Latina
47%
Pescara
47%
Asti
44%
Forlì-Cesena
44%
Novara
44%
Prato
44%
Terni
41%
Brindisi
38%
Mantua
38%
Massa-Carrara
38%
Pavia
38%
Pesaro und Urbino
38%
Piacenza
38%
Ragusa
38%
Sassari
38%
Agrigent
32%
Barletta-Andria-Trani
32%
Friaul-Julisch Venetien
32%
Imperia
32%
Varese
32%
Belluno
29%
Caltanissetta
26%
Gallura-Nordostsardinien
26%
L’Aquila
26%
Lecco
26%
Matera
26%
Potenza
26%
Treviso
26%
Enna
24%
Frosinone
24%
Ascoli Piceno
21%
Campobasso
21%
Caserta
21%
Catanzaro
21%
Cosenza
21%
Crotone
21%
Savona
21%
Sondrio
21%
Trapani
21%
Viterbo
21%
Benevento
18%
Cremona
18%
Grosseto
18%
Lodi
18%
Pistoia
18%
Vercelli
18%
Avellino
15%
Chieti
15%
Cuneo
15%
Fermo
15%
Isernia
15%
Macerata
15%
Nuoro
15%
Oristano
15%
Rieti
15%
Rovigo
15%
Teramo
15%
Verbano-Cusio-Ossola
15%
Vibo Valentia
15%
Biella
12%
Sulcis Iglesiente
6%
Medio Campidano
3%
Ogliastra
3%
Keine übereinstimmenden Quizze gefunden
Verteilung der Resultate
Anzahl Personen mit jedem Resultat
Perzentil nach korrekt beantworteten Fragen
Ihre Resultats-Entwicklung
Sie haben dieses Quiz seit der letzten Aktualisierung nicht gespielt